000 01416cam a22004457a 4500
001 001572
003 armpunfd
005 20140612090644.0
008 041021e0####xx#a##########000#0#und#d
040 _aarmpunfd
_carmpunfd
080 _a347 (094.4) B 862.
100 1 0 _a Bueres, Alberto J. ( Director).
245 1 0 _aCodigo civil y normas complementarias. analisis doctrinario y jurisprudencial.
260 _a Uenos Aires : Hammurabi
_b2004. 1 º Ed. 1º Reimp. T.1.V.A I.S.B.N: 950--891-103-4. 957 P.
650 7 _a Codigo Civil
_2LEMB
650 7 _a Jurisprudencia
_2LEMB
650 7 _a Legislacion
_2LEMB
650 7 _a Normas Complementarias
_2LEMB
700 1 0 _aHighton, Elena I. (Coordinadora).
942 _cLB
_2cdu
945 _aCatalis
_d2010-08-19
945 _aCatalis
_d2010-08-19
945 _aCatalis
_d2010-08-19
945 _aCatalis
_d2010-08-19
945 _aCatalis
_d2010-08-19
945 _aCatalis
_d2010-08-19
945 _aCatalis
_d2010-08-19
945 _aCatalis
_d2010-08-19
945 _aCatalis
_d2010-08-19
945 _aCatalis
_d2010-08-19
945 _aCatalis
_d2010-08-19
945 _aCatalis
_d2010-08-19
945 _aCatalis
_d2010-08-19
945 _aCatalis
_d2010-08-19
945 _aCatalis
_d2010-08-19
945 _aCatalis
_d2010-08-19
945 _aCatalis
_d2010-08-19
945 _aCatalis
_d2010-08-19
945 _aCatalis
_d2010-08-19
999 _c1563
_d232067